|
|
|
|
| LEADER |
00000naa2a2200000 4500 |
| 001 |
399742 |
| 005 |
20231101065258.0 |
| 035 |
|
|
|a (RuTPU)RU\TPU\prd\41353
|
| 090 |
|
|
|a 399742
|
| 100 |
|
|
|a 20060207a2005 k y0rusy50 ca
|
| 101 |
0 |
|
|a rus
|
| 102 |
|
|
|a RU
|
| 200 |
1 |
|
|a Программируемые микропроцессорные средства управления распределенными объектами
|f А. Н. Карелин
|
| 225 |
1 |
|
|a АСУ для промышленных предприятий
|
| 320 |
|
|
|a Библиогр.: 3 назв.
|
| 461 |
|
0 |
|0 (RuTPU)RU\TPU\prd\2287
|t Промышленные АСУ и контроллеры
|o ежемесячный научно-технический производственный журнал
|d 2002-
|
| 463 |
|
0 |
|0 (RuTPU)RU\TPU\prd\41040
|t № 12
|v С. 17-20
|d 2005
|
| 610 |
1 |
|
|a распределенные объекты
|
| 610 |
1 |
|
|a микропроцессорные средства
|
| 610 |
1 |
|
|a системы управления
|
| 610 |
1 |
|
|a уличное освещение
|
| 610 |
1 |
|
|a элементы системы
|
| 610 |
1 |
|
|a параметрический контроль
|
| 610 |
1 |
|
|a блоки
|
| 610 |
1 |
|
|a релейное управление освещением
|
| 700 |
|
1 |
|a Карелин
|b А. Н.
|
| 801 |
|
1 |
|a RU
|b 63413507
|c 20060207
|g PSBO
|
| 942 |
|
|
|c BK
|